000 00426nam a2200157Ia 4500
008 210716s2000 xx 000 0 und d
020 _a74637592
041 _aeng
082 _a004.6X FINC
100 _aFinkelstein, Clive; Aiken, Peter H.
245 _aBuilding corporate portals with xml.
250 _a1
260 _aNew Delhi
_bTata McGraw Hill Publishing Company Ltd
_c2000
300 _axxvii,529
650 _aNone
999 _c184224
_d184224